| 000 | 02590nam0a2200373 4500 | ||
|---|---|---|---|
| 001 | RU\NLR\BIBL_A\016352479 | ||
| 005 | 20250625052550.0 | ||
| 010 |
_a978-5-17-151619-2 _95000 |
||
| 021 |
_aRU _b2023-20021 _9КН-П-1986 |
||
| 035 | _a(RuMoRGB)011682720 | ||
| 035 | _a(NLR Aleph) 016352479 | ||
| 090 |
_a13125484 _c13125484 |
||
| 100 | _a20230421d2023 |||y0rusy50 ca | ||
| 101 | 1 |
_arus _cjpn |
|
| 102 | _aRU | ||
| 105 | _aa z 000ay | ||
| 181 | 0 |
_ai _baxxe |
|
| 182 | 0 | _an | |
| 200 | 1 |
_aВорон из пустого гроба _fТисато Абэ _gперевод с японского Н. Г. Румак |
|
| 203 |
_aТекст _bвизуальный _cнепосредственный |
||
| 210 |
_aМосква _cАСТ _d2023 |
||
| 215 |
_a349, [2] с. _cил. _d21 |
||
| 225 | 1 |
_aЯпонское фэнтези _iЯтагарасу |
|
| 330 | _aПрошел год после нападения на земли Ямаути обезьян-людоедов. Множество молодых людей, стремясь защитить свою родину, поступает в Кэйсоин, учебное заведение, которое готовит Ямаути-сю - личную гвардию дома Сокэ. Повинуясь воле молодого господина, воспитанником академии становится и его бывший паж Юкия. Он должен не только стать телохранителем, но и найти новых сторонников для хозяина, ведь совсем скоро тот станет правителем. Однако восхождение Надзукихико на трон внезапно откладывается: кажется, ему не хватает кое-каких качеств, которыми должен обладать Золотой Ворон. Никто не сомневается в новом нападении обезьян, по этому как юным воинам, так и их будущему правителю надо успеть подготовиться к вторжению | ||
| 333 | _a18+ | ||
| 675 |
_a821.521-31 _v4 |
||
| 686 | 1 | _aШ6(5Я)67-440.4{Лх2318-45} | |
| 700 | 1 |
_7ca _8rus _aАбэ _bТ. _f1991- _gТисато _9245986 _3RU\NLR\AUTH\770246042 |
|
| 702 | 1 |
_aРумак _bН. Г. _f1974- _gНаталья Григорьевна _4730 |
|
| 942 | _cBOOK | ||
| 980 | _aNB | ||